Movie quotes 2 - Statistics

General Stats
  • This quiz has been taken 28 times
  • The average score is 5 of 10
Answer Stats
Hint Answer % Correct
No, I am your father Star Wars
95%
Luca Brasi Sleeps with the fishes The Godfather
95%
With great power comes great responsibility Spider Man
81%
We all go a little psycho sometimes Psycho
67%
The greatest trick the devil ever pulled was convincing the world he didn't exist The Usual Suspects
57%
Smite me O mighty Smiter! Bruce Almighty
33%
I suddenly remembered my Charlemagne Indiana Jones and the Last Crusade
33%
You've always been the caretaker The Shining
33%
Why should the police come? Nobody's called them Clue
19%
How dare you treat my friends so shamefully! Nightmare Before Christmas
14%
No matching quizzes found
Score Distribution
Percent of People with Each Score
Percentile by Number Answered
Your Score History
You have not taken this quiz